ラーメンズ 本公演コントタイトル - Statistics

General Stats
  • This quiz has been taken 46 times
  • The average score is 28 of 100
Answer Stats
講演タイトル コントタイトル % Correct
ATOM 採集
64%
TEXT 銀河鉄道の夜のような夜
64%
ALICE 不思議の国のニポン
61%
home 読書対決
57%
ATOM 路上のギリジン
54%
STUDY 金部
54%
TEXT 条例
54%
TEXT 50 on 5
54%
50%
ATOM アトム
50%
椿 日本語学校アメリカン
46%
CLASSIC バニーボーイ
46%
ALICE バニー部
46%
STUDY QA
46%
STUDY study
46%
ALICE 後藤を待ちながら
43%
TEXT 不透明な会話
43%
TOWER 名は体を表す
43%
FLAT プーチンとマーチン
39%
椿 時間電話
39%
ネイノーさん
36%
CLASSIC 帝王閣ホテル応援歌
36%
ALICE 風と桶に関する幾つかの考察
36%
TEXT スーパージョッキー
36%
TOWER ハイウェスト
36%
TOWER やめさせないと
36%
TOWER 五重塔
36%
home 無用途人間
32%
FLAT 透明人間
32%
椿 ドラマチックカウント
32%
椿 高橋
32%
椿 斜めの日
32%
超能力
32%
器用で不器用な男と不器用で器用な男の話
32%
音遊
32%
CHERRY BLOSSOM FLONT 345 怪傑ギリジン
32%
STUDY 科学の子
32%
TEXT 同音異義の交錯
32%
ことわざ仙人
29%
お時間様
29%
ATOM アトムより
29%
CLASSIC 受験
29%
CLASSIC ギリジンツーリスト
29%
STUDY ホコサキ
29%
STUDY いろいろマン
29%
ALICE イモムシ
29%
TOWER シャンパンタワーとあやとりとロールケーキ
29%
home 縄跳び部
25%
FLAT アレグレット
25%
FLAT ドーデスという男
25%
椿 悪魔が来たりてなんかいう
25%
壺バカ
25%
絵かき歌
25%
アカミー賞
25%
CHERRY BLOSSOM FLONT 345 蒲田の行進曲
25%
CLASSIC ベルボーイのホテル旅館化計画
25%
CLASSIC マリコマリオ
25%
TOWER タワーズ 1
25%
TOWER タワーズ 2
25%
count
25%
home 無類人間
21%
椿 心理テスト
21%
バースデー
21%
CHERRY BLOSSOM FLONT 345 小説家らしき存在
21%
ATOM 新噺
21%
CLASSIC ダメ人間
21%
CLASSIC 1313
21%
news big news
21%
home ファン
18%
home 百万円
18%
home 漫画家と担当
18%
FLAT 初男
18%
news 私の言葉が見えますか
18%
news 英語で話そう
18%
椿 インタビュー
18%
椿 心の中の男
18%
人類創世
18%
CHERRY BLOSSOM FLONT 345 本人不在
18%
CHERRY BLOSSOM FLONT 345 エアメールの嘘
18%
CHERRY BLOSSOM FLONT 345 マーチンとプーチン2
18%
STUDY 地球の歩き方
18%
ALICE モーフィング
18%
news 読書対決 news篇
18%
FLAT 海豹
14%
FLAT 新橋駅をご利用のみなさん
14%
FLAT
14%
news 雪男
14%
news 私の言葉が見えますか(弱気)
14%
news 王様
14%
home 映画好きのふたり
11%
FLAT お引っ越し
11%
news バッハ
11%
news 私の言葉が見えますか(完結)
11%
プレオープン
11%
許して下さい
11%
男女の気持ち
11%
CHERRY BLOSSOM FLONT 345 レストランそれぞれ
11%
ATOM 上下関係
11%
ALICE 甲殻類のワルツ
11%
FLAT 埋蔵金
7%
No matching quizzes found
Score Distribution
Percent of People with Each Score
Percentile by Number Answered
Your Score History
You have not taken this quiz